000 00741cam a22002533a 4500
001 16705
003 PGUSA
005 20140828083345.0
008 050917s2005||||xxu|||||s|||||000 | eng d
040 _aPGUSA
_beng
042 _adc
050 4 _aDG
100 1 _aLucas, E. V.
_q(Edward Verrall),
_d1868-1938
245 1 2 _aA Wanderer in Venice
_h[electronic resource] /
_cE. V. Lucas
260 _bProject Gutenberg,
_c2005
506 _aPublic domain in the USA.
516 _aElectronic text
653 _aVenice (Italy) -- Description and travel
653 _aArt -- Italy -- Venice
700 1 _aMorley, Harry,
_d1881-1943
830 0 _aProject Gutenberg
_v16705
856 4 0 _uhttp://www.gutenberg.org/ebooks/16705
942 _cEB
999 _c245960
_d245960